| 000 | 00329nam a22001337a 4500 | ||
|---|---|---|---|
| 020 | _a9780081939 | ||
| 082 |
_222 _a624 |
||
| 100 | _aBeolar, Rokesh Rajan. | ||
| 245 | _aBaics civil engineering / | ||
| 250 | _a2 nd. | ||
| 260 |
_aNew Delhi, _bUniversity Press, _cc2008. |
||
| 300 |
_a348 p. l _bill. ; _c24 cm. |
||
| 942 |
_2ddc _cCIVIL |
||
| 999 |
_c3592 _d3592 |
||